000 00729nam a22002175i 4500
001 170188
003 ES-MaACL
005 20250807122906.0
008 090210q1881 fr 000 d fre d
080 _a78.089.1
100 1 _aForges, Ph. Pittaud de.
_9139406
245 1 3 _aLe 66 :
_bopéra-comique en un acte /
_cde Forges et Laurencin ; musique de J. Offenbach.
250 _aNouvelle éd.
260 _aParis :
_bCalmann Lévy,
_c[ca. 1881]
300 _a24 cm ;
_c19 cm.
650 4 _aOperetas-
_vLibretos.
_9139352
700 1 _aOffenbach, Jacques.
_986559
700 1 _aLaurencin,
_cMonsieur,
_d1808-1890
_9149487
852 4 _aES-MaACL
_j2247-F-8
_z- Biblioteca Jacinto Martínez Lacalle
999 _c170188
_d170188